[Event "FIN-chT 1213"]
[Site "Finland"]
[Date "2012.11.18"]
[Round "7.3"]
[White "Niemela, Antti"]
[Black "Seeman, Tarvo"]
[Result "0-1"]
[WhiteElo "2291"]
[BlackElo "2384"]
[PlyCount "98"]
[EventDate "2012.09.28"]
[EventType "team-tourn"]
[EventRounds "11"]
[EventCountry "FIN"]
[SourceTitle "CBM 151 Extra"]
[Source "ChessBase"]
[SourceDate "2012.12.18"]
[SourceVersion "1"]
[SourceVersionDate "2012.12.18"]
[SourceQuality "1"]
[WhiteTeam "Helsinki HSK"]
[BlackTeam "Helsinki Aatos"]
[WhiteTeamCountry "FIN"]
[BlackTeamCountry "FIN"]

1. d4 Nf6 2. c4 g6 3. Nc3 Bg7 4. e4 d6 5. Nf3 0-0 6. h3 e5 7. d5 a5 8. Bg5 Na6 9. Nd2 Qe8 10. Be2 Nd7 11. g4 Ndc5 12. Nb3 f6 13. Be3 f5 14. gxf5 gxf5 15. Rg1 Kh8 16. Nxc5 Nxc5 17. Qd2 Rg8 18. 0-0-0 Nxe4 19. Nxe4 fxe4 20. Bg5 Bf5 21. Qe3 Qf7 22. Rg2 Bh6 23. Rdg1 Rxg5 24. Rxg5 Bg6 25. Kd1 Rf8 26. Ke1 Bxg5 27. Rxg5 Qf4 28. Rg4 Qxe3 29. fxe3 c6 30. dxc6 bxc6 31. h4 d5 32. cxd5 cxd5 33. Rg5 Bf5 34. Kd2 d4 35. a3 h6 36. Rg1 Rb8 37. b4 axb4 38. Rb1 b3 39. Bc4 b2 40. Kc2 Bg4 41. Rxb2 d3+ 42. Kc1 Rxb2 43. Kxb2 d2 44. Bb3 d1Q 45. Bxd1 Bxd1 46. Kc3 Kg7 47. Kb4 Kg6 48. a4 Bxa4 49. Kxa4 Kh5 0-1

[Event "FIN-chT 1213"]
[Site "Finland"]
[Date "2012.11.17"]
[Round "6.3"]
[White "Niemela, Antti"]
[Black "Volodin, Aleksandr"]
[Result "0-1"]
[WhiteElo "2291"]
[BlackElo "2509"]
[PlyCount "74"]
[EventDate "2012.09.28"]
[EventType "team-tourn"]
[EventRounds "11"]
[EventCountry "FIN"]
[SourceTitle "CBM 151 Extra"]
[Source "ChessBase"]
[SourceDate "2012.12.18"]
[SourceVersion "1"]
[SourceVersionDate "2012.12.18"]
[SourceQuality "1"]
[WhiteTeam "Helsinki HSK"]
[BlackTeam "Tammer Shakki"]
[WhiteTeamCountry "FIN"]
[BlackTeamCountry "FIN"]

1. e4 c5 2. Nf3 e6 3. d4 cxd4 4. Nxd4 Nc6 5. Nc3 Qc7 6. Be3 Nf6 7. Qd2 Bb4 8. f3 Nxd4 9. Bxd4 e5 10. Be3 Bxc3 11. Qxc3 Qxc3+ 12. bxc3 d6 13. 0-0-0 Ke7 14. Bc4 Be6 15. Bb3 h6 16. Rd3 Rhc8 17. Rhd1 Rc6 18. Kb2 b5 19. Ra1 Bc4 20. Rd2 a6 21. a4 Rb8 22. axb5 Bxb5 23. Ra5 Ne8 24. f4 f6 25. f5 Nc7 26. g4 Bc4 27. h4 Nb5 28. g5 hxg5 29. hxg5 Nxc3 30. gxf6+ gxf6 31. Ba7 Rb7 32. Rh2 Kf8 33. Bc5 Bxb3 34. cxb3 Nd1+ 35. Kc1 Ne3 36. Rh8+ Kg7 37. Rh3 Rxb3 0-1

[Event "FIN-chT 1213"]
[Site "Finland"]
[Date "2012.10.27"]
[Round "4.4"]
[White "Niemela, Antti"]
[Black "Verkasalo, Tommi"]
[Result "0-1"]
[WhiteElo "2291"]
[BlackElo "2174"]
[PlyCount "104"]
[EventDate "2012.09.28"]
[EventType "team-tourn"]
[EventRounds "11"]
[EventCountry "FIN"]
[SourceTitle "EXT 2013"]
[Source "ChessBase"]
[SourceDate "2012.11.22"]
[SourceVersion "1"]
[SourceVersionDate "2012.11.22"]
[SourceQuality "1"]
[WhiteTeam "Helsinki HSK"]
[BlackTeam "Jyvaskyla JyS"]
[WhiteTeamCountry "FIN"]
[BlackTeamCountry "FIN"]

1. d4 Nf6 2. c4 c5 3. e3 g6 4. Nc3 Bg7 5. Nf3 0-0 6. d5 d6 7. Bd3 e6 8. 0-0 exd5 9. cxd5 Na6 10. e4 Bg4 11. h3 Bxf3 12. Qxf3 Nc7 13. Bg5 h6 14. Bh4 a6 15. a4 Rb8 16. Rad1 Re8 17. Rfe1 b5 18. axb5 Nxb5 19. Bxb5 axb5 20. e5 Rxe5 21. Rxe5 dxe5 22. Bxf6 Qxf6 23. Qxf6 Bxf6 24. Ne4 Be7 25. d6 Bf8 26. Rd5 Rd8 27. Rxc5 f5 28. Nc3 b4 29. Nb5 Bxd6 30. Rc6 Bf8 31. Rxg6+ Kf7 32. Rc6 Rd1+ 33. Kh2 Rd2 34. Kg3 Rxb2 35. Nd6+ Ke6 36. Nc4+ Kd5 37. Rc8 Rb3+ 38. Ne3+ Ke4 39. Rxf8 f4+ 40. Kg4 fxe3 41. fxe3 Rxe3 42. Rh8 b3 43. Rxh6 Kd3 44. Rb6 Kc2 45. h4 b2 46. Rxb2+ Kxb2 47. h5 Kc3 48. h6 Re1 49. Kf5 Kd4 50. g4 e4 51. g5 Rh1 52. g6 Rh5+ 0-1

[Event "FIN-chT 1213"]
[Site "Finland"]
[Date "2012.09.30"]
[Round "2.3"]
[White "Niemela, Antti"]
[Black "Kokkila, Tero"]
[Result "1/2-1/2"]
[WhiteElo "2291"]
[BlackElo "2323"]
[PlyCount "122"]
[EventDate "2012.09.28"]
[EventType "team-tourn"]
[EventRounds "11"]
[EventCountry "FIN"]
[SourceTitle "CBM 150 Extra"]
[Source "ChessBase"]
[SourceDate "2012.10.19"]
[SourceVersion "1"]
[SourceVersionDate "2012.10.19"]
[SourceQuality "1"]
[WhiteTeam "Helsinki HSK"]
[BlackTeam "Vantaa"]
[WhiteTeamCountry "FIN"]
[BlackTeamCountry "FIN"]

1. d4 Nf6 2. c4 e6 3. Nc3 Bb4 4. f3 d5 5. a3 Bxc3+ 6. bxc3 c5 7. cxd5 exd5 8. e3 0-0 9. Ne2 Re8 10. Nf4 Qd6 11. Be2 b6 12. g4 Ba6 13. Ra2 cxd4 14. cxd4 Bxe2 15. Rxe2 Nc6 16. g5 Nd7 17. Qb3 Rac8 18. Kf2 Ne7 19. a4 Rc4 20. Ba3 Qc6 21. Bxe7 Rxe7 22. Qb5 Nb8 23. Nxd5 Rd7 24. e4 Kf8 25. Ne3 Rcxd4 26. Qf5 Qg6 27. Qf4 Qd6 28. Qh4 Rd2 29. Rhe1 Kg8 30. Rxd2 Qxd2+ 31. Re2 Qb4 32. Qf4 Nc6 33. Rc2 Rd2+ 34. Rxd2 Qxd2+ 35. Kg3 g6 36. Nd5 Qxf4+ 37. Kxf4 Nd4 38. h4 Kf8 39. Nf6 Ne6+ 40. Ke5 Nc5 41. Kd6 Nxa4 42. Nxh7+ Kg7 43. Nf6 b5 44. Kd5 Nc3+ 45. Kd4 Ne2+ 46. Kc5 a5 47. Nd5 a4 48. Kb4 Nd4 49. f4 Kf8 50. f5 Nf3 51. Kxb5 a3 52. Nc3 gxf5 53. exf5 Nxh4 54. f6 Nf3 55. Kb4 Nxg5 56. Kxa3 Kg8 57. Kb4 Kh7 58. Kc4 Kg6 59. Nd5 Ne4 60. Kd4 Nxf6 61. Ne7+ Kg5 1/2-1/2

[Event "FIN-chT 1112"]
[Site "Finland"]
[Date "2012.03.11"]
[Round "11.4"]
[White "Niemela, Antti"]
[Black "Kilpi, Teemu"]
[Result "1/2-1/2"]
[WhiteElo "2279"]
[BlackElo "2135"]
[PlyCount "22"]
[EventDate "2011.09.17"]
[EventType "team-tourn"]
[EventRounds "11"]
[EventCountry "FIN"]
[SourceTitle "EXT 2013"]
[Source "ChessBase"]
[SourceDate "2012.11.22"]
[SourceVersion "1"]
[SourceVersionDate "2012.11.22"]
[SourceQuality "1"]
[WhiteTeam "Helsinki HSK"]
[BlackTeam "Oulu OSS"]
[WhiteTeamCountry "FIN"]
[BlackTeamCountry "FIN"]

1. d4 d5 2. c4 e6 3. Nc3 c6 4. e3 f5 5. g4 Nf6 6. gxf5 exf5 7. cxd5 Nxd5 8. Qb3 Bb4 9. Bd2 Be6 10. Nh3 Qe7 11. Qc2 Nd7 1/2-1/2

[Event "FIN-chT 1112"]
[Site "Finland"]
[Date "2012.01.14"]
[Round "7.1"]
[White "Niemela, Antti"]
[Black "Sulskis, Sarunas"]
[Result "0-1"]
[WhiteElo "2279"]
[BlackElo "2577"]
[PlyCount "82"]
[EventDate "2011.09.17"]
[EventType "team-tourn"]
[EventRounds "11"]
[EventCountry "FIN"]
[SourceTitle "EXT 2013"]
[Source "ChessBase"]
[SourceDate "2012.11.22"]
[SourceVersion "1"]
[SourceVersionDate "2012.11.22"]
[SourceQuality "1"]
[WhiteTeam "Helsinki HSK"]
[BlackTeam "Porvoo Velhot"]
[WhiteTeamCountry "FIN"]
[BlackTeamCountry "FIN"]

1. f4 e5 2. fxe5 d6 3. exd6 Bxd6 4. Nf3 g5 5. d4 g4 6. Ne5 Bxe5 7. dxe5 Qxd1+ 8. Kxd1 Nc6 9. Bf4 Nge7 10. e3 Be6 11. Nd2 0-0-0 12. Bd3 Ng6 13. Bg5 Rde8 14. Bf6 Rhg8 15. Ne4 Bd5 16. c4 Ncxe5 17. cxd5 Nxd3 18. Kd2 Rxe4 19. Kxd3 Rge8 20. Bd4 f5 21. Rac1 Rd8 22. Rhf1 Rxd5 23. Rc5 Ne5+ 24. Kd2 Rxc5 25. Bxc5 Nc4+ 26. Ke2 b6 27. b3 bxc5 28. bxc4 Rxc4 29. Rxf5 Rc2+ 30. Kd3 Rxg2 31. Rh5 Rxa2 32. Rxh7 a5 33. e4 a4 34. e5 a3 35. e6 c4+ 36. Ke3 Ra1 37. Rh8+ Kb7 38. Kf2 a2 39. Ra8 Kxa8 40. e7 Rf1+ 41. Ke2 Re1+ 0-1

[Event "FIN-chT 1112"]
[Site "Finland"]
[Date "2011.11.19"]
[Round "5.2"]
[White "Kiik, Kalle"]
[Black "Niemela, Antti"]
[Result "0-1"]
[WhiteElo "2406"]
[BlackElo "2279"]
[PlyCount "78"]
[EventDate "2011.09.17"]
[EventType "team-tourn"]
[EventRounds "11"]
[EventCountry "FIN"]
[SourceTitle "EXT 2013"]
[Source "ChessBase"]
[SourceDate "2012.11.22"]
[SourceVersion "1"]
[SourceVersionDate "2012.11.22"]
[SourceQuality "1"]
[WhiteTeam "Salo SK"]
[BlackTeam "Helsinki HSK"]
[WhiteTeamCountry "FIN"]
[BlackTeamCountry "FIN"]

1. c4 c5 2. g3 Nc6 3. Bg2 g6 4. Nc3 Bg7 5. e3 e5 6. Nge2 Nge7 7. 0-0 0-0 8. d3 d6 9. h3 Be6 10. Nd5 Qd7 11. Kh2 f5 12. f4 Rae8 13. Rb1 Kh8 14. a3 Bg8 15. b4 Nxd5 16. cxd5 Ne7 17. e4 b6 18. Bb2 Rc8 19. Qd2 c4 20. Rbc1 cxd3 21. Qxd3 fxe4 22. Bxe4 Qb7 23. Rcd1 Bxd5 24. Nc3 Rxc3 25. Bxd5 Rxd3 26. Bxb7 Rxd1 27. Rxd1 exf4 28. Bxg7+ Kxg7 29. gxf4 Rxf4 30. Rxd6 Rf2+ 31. Kg1 Ra2 32. Rd3 Kf6 33. Kf1 Nf5 34. Ke1 Kg5 35. Kd1 h5 36. Kc1 Kh4 37. Kb1 Rh2 38. Rd7 Rxh3 39. Kb2 Re3 0-1

[Event "FIN-chT 0910"]
[Site "Finland"]
[Date "2010.03.20"]
[Round "8.3"]
[White "Niemela, Antti"]
[Black "Westerinen, Heikki MJ"]
[Result "1/2-1/2"]
[WhiteElo "2290"]
[BlackElo "2315"]
[PlyCount "91"]
[EventDate "2009.09.19"]
[EventType "team-tourn"]
[EventRounds "9"]
[EventCountry "FIN"]
[SourceTitle "EXT 2022"]
[Source "ChessBase"]
[SourceDate "2021.10.06"]
[SourceVersion "1"]
[SourceVersionDate "2021.10.06"]
[SourceQuality "1"]
[WhiteTeam "Helsinki HSK"]
[BlackTeam "Salo SK"]
[WhiteTeamCountry "FIN"]
[BlackTeamCountry "FIN"]

1. Nf3 Nf6 2. c4 g6 3. Nc3 Bg7 4. d4 0-0 5. e4 d6 6. Be2 Bg4 7. Be3 Nc6 8. d5 Bxf3 9. Bxf3 Ne5 10. Be2 c6 11. 0-0 cxd5 12. exd5 Qc8 13. b3 Neg4 14. Bd4 Nh6 15. Bd3 Nf5 16. Bxf5 Qxf5 17. h3 a6 18. a4 e5 19. dxe6 fxe6 20. Ra2 Rad8 21. Re1 d5 22. c5 Nh5 23. Bxg7 Nxg7 24. b4 Qf4 25. Rb2 Qc4 26. Qb3 Rf4 27. Ne2 Qxb3 28. Rxb3 Rc4 29. Rc1 Rxc1+ 30. Nxc1 e5 31. f3 Ne6 32. Nd3 Nd4 33. Rb2 e4 34. fxe4 dxe4 35. Nf4 e3 36. b5 axb5 37. axb5 Rf8 38. Nd3 e2 39. c6 bxc6 40. bxc6 Rc8 41. Rb4 Nxc6 42. Rc4 Rd8 43. Rxc6 Rxd3 44. Kf2 Rd2 45. Ke1 Ra2 46. Re6 1/2-1/2

[Event "FIN-chT 0910"]
[Site "Finland"]
[Date "2010.02.13"]
[Round "6.4"]
[White "Kosmo, Santul"]
[Black "Niemela, Antti"]
[Result "1-0"]
[WhiteElo "2204"]
[BlackElo "2290"]
[PlyCount "57"]
[EventDate "2009.09.19"]
[EventType "team-tourn"]
[EventRounds "9"]
[EventCountry "FIN"]
[SourceTitle "EXT 2022"]
[Source "ChessBase"]
[SourceDate "2021.10.06"]
[SourceVersion "1"]
[SourceVersionDate "2021.10.06"]
[SourceQuality "1"]
[WhiteTeam "Porvoo Velhot"]
[BlackTeam "Helsinki HSK"]
[WhiteTeamCountry "FIN"]
[BlackTeamCountry "FIN"]

1. e4 e6 2. d4 d5 3. Nd2 Be7 4. Ngf3 Nf6 5. e5 Nfd7 6. Bd3 c5 7. c3 b6 8. 0-0 Ba6 9. Bxa6 Nxa6 10. Ne1 0-0 11. f4 f6 12. Ndf3 fxe5 13. fxe5 Nc7 14. Nd3 cxd4 15. cxd4 Rf7 16. Bd2 Nf8 17. Nb4 Qd7 18. Rc1 Bxb4 19. Bxb4 a5 20. Bxf8 Raxf8 21. Qc2 Qb5 22. Rf2 h6 23. Qc6 g5 24. h3 h5 25. Qc2 Rg7 26. Nxg5 Rxg5 27. Qxc7 Rgf5 28. Rxf5 exf5 29. Rc6 1-0

[Event "FIN-chT 0809"]
[Site "Finland"]
[Date "2009.11.08"]
[Round "5.5"]
[White "Niemela, Antti"]
[Black "Nivala, Tuomas"]
[Result "1/2-1/2"]
[WhiteElo "2282"]
[BlackElo "2219"]
[PlyCount "98"]
[EventDate "2008.09.06"]
[EventType "team-tourn"]
[EventRounds "9"]
[EventCountry "FIN"]
[SourceTitle "EXT 2010"]
[Source "ChessBase"]
[SourceDate "2010.11.25"]
[SourceVersion "1"]
[SourceVersionDate "2010.11.25"]
[SourceQuality "1"]
[WhiteTeam "Helsinki HSK"]
[BlackTeam "Jyvaskyla JyS"]
[WhiteTeamCountry "FIN"]
[BlackTeamCountry "FIN"]

1. Nf3 d5 2. d4 Nf6 3. c4 c6 4. Nc3 a6 5. e3 b5 6. cxd5 cxd5 7. Ne5 e6 8. Bd3 Bd6 9. f4 Bb7 10. Qf3 Nc6 11. 0-0 Rc8 12. Bd2 Nb4 13. Bb1 g6 14. Be1 Nd7 15. f5 gxf5 16. Bxf5 exf5 17. Qxf5 Rf8 18. Bh4 Be7 19. Nxf7 Bxh4 20. Qe6+ Qe7 21. Nd6+ Kd8 22. Rxf8+ Nxf8 23. Nxb7+ Qxb7 24. Qd6+ Ke8 25. Qxb4 Be7 26. Qb3 Rd8 27. Rf1 Qc6 28. Rf5 Qe6 29. Re5 Qc6 30. h3 Ng6 31. Rxd5 Rxd5 32. Qxd5 Qxd5 33. Nxd5 Bd8 34. Kf2 Nf8 35. Kf3 Kd7 36. Ke4 Kd6 37. Nb4 a5 38. Nd3 Nd7 39. Nf4 Nf6+ 40. Kd3 Nd5 41. Nxd5 Kxd5 42. e4+ Ke6 43. b3 Bb6 44. a4 bxa4 45. bxa4 Bd8 46. Kc4 Be7 47. Kb5 Bb4 48. Kc6 Be7 49. Kb5 Bb4 1/2-1/2

[Event "FIN-chT 0910"]
[Site "Finland"]
[Date "2009.09.19"]
[Round "1.4"]
[White "Niemela, Antti"]
[Black "Valkesalmi, Kimmo"]
[Result "1/2-1/2"]
[WhiteElo "2290"]
[BlackElo "2366"]
[PlyCount "101"]
[EventDate "2009.09.19"]
[EventType "team-tourn"]
[EventRounds "9"]
[EventCountry "FIN"]
[SourceTitle "EXT 2022"]
[Source "ChessBase"]
[SourceDate "2021.10.06"]
[SourceVersion "1"]
[SourceVersionDate "2021.10.06"]
[SourceQuality "1"]
[WhiteTeam "Helsinki HSK"]
[BlackTeam "Vantaa EtVaS"]
[WhiteTeamCountry "FIN"]
[BlackTeamCountry "FIN"]

1. e4 Nc6 2. d4 e5 3. d5 Nce7 4. Nf3 Ng6 5. h4 h5 6. Bg5 Nf6 7. Nfd2 Be7 8. Be2 Nf8 9. Nc3 d6 10. Nc4 N8h7 11. Bxf6 Nxf6 12. Ne3 g6 13. Qd2 Bf8 14. Bb5+ Ke7 15. 0-0-0 Bh6 16. Rde1 Bd7 17. Bxd7 Qxd7 18. Kb1 Ng4 19. Ncd1 Raf8 20. Qe2 Nxe3 21. Nxe3 Kd8 22. Rh3 f5 23. exf5 gxf5 24. Nc4 b6 25. Ra3 a5 26. b4 Qb5 27. Nxe5 Qxe2 28. Nc6+ Kd7 29. Rxe2 Re8 30. Rxe8 Rxe8 31. Rg3 axb4 32. Nxb4 Re5 33. Rg6 Bd2 34. Rg7+ Ke8 35. a3 Bxb4 36. axb4 Rxd5 37. Rxc7 Rd4 38. g3 Rxb4+ 39. Kc1 f4 40. Rh7 fxg3 41. fxg3 Rg4 42. Rxh5 Rxg3 43. Rh7 Rh3 44. Kb2 d5 45. Rh5 Ke7 46. Rxd5 Rxh4 47. Kb3 b5 48. Rxb5 Kd6 49. Rg5 Ke6 50. c4 Rh1 51. Rg6+ 1/2-1/2

[Event "FIN-chT 0809"]
[Site "Finland"]
[Date "2009.03.15"]
[Round "9.5"]
[White "Niemela, Antti"]
[Black "Porrasmaa, Timo"]
[Result "1-0"]
[WhiteElo "2282"]
[BlackElo "2162"]
[PlyCount "75"]
[EventDate "2008.09.06"]
[EventType "team-tourn"]
[EventRounds "9"]
[EventCountry "FIN"]
[SourceTitle "EXT 2022"]
[Source "ChessBase"]
[SourceDate "2021.10.06"]
[SourceVersion "1"]
[SourceVersionDate "2021.10.06"]
[SourceQuality "1"]
[WhiteTeam "Helsinki HSK"]
[BlackTeam "Joensuu SK"]
[WhiteTeamCountry "FIN"]
[BlackTeamCountry "FIN"]

1. Nf3 g6 2. c4 Bg7 3. e4 c5 4. d4 cxd4 5. Nxd4 Nc6 6. Be3 Nf6 7. Nc3 0-0 8. Be2 d6 9. 0-0 Bd7 10. Qd2 Nxd4 11. Bxd4 Bc6 12. Bd3 a5 13. b3 Nd7 14. Bxg7 Kxg7 15. Rae1 Nc5 16. Bc2 Qb6 17. Nd5 Bxd5 18. exd5 e5 19. dxe6 fxe6 20. Re3 Qc7 21. Rd1 Rad8 22. Rh3 Kg8 23. a3 e5 24. b4 axb4 25. axb4 Ne6 26. Be4 Nd4 27. Bd5+ Kh8 28. b5 Qg7 29. Ra3 Ra8 30. Rxa8 Rxa8 31. f4 Rf8 32. fxe5 dxe5 33. Rf1 Rxf1+ 34. Kxf1 b6 35. Qf2 Qe7 36. c5 Nxb5 37. cxb6 Nd6 38. b7 1-0

[Event "FIN-chT 0607"]
[Site "Finland"]
[Date "2007.01.13"]
[Round "6.5"]
[White "Tuominen, Risto"]
[Black "Niemela, Antti"]
[Result "0-1"]
[WhiteElo "2276"]
[BlackElo "2263"]
[PlyCount "127"]
[EventDate "2006.09.14"]
[EventType "team-tourn"]
[EventRounds "9"]
[EventCountry "FIN"]
[SourceTitle "EXT 2022"]
[Source "ChessBase"]
[SourceDate "2021.10.06"]
[SourceVersion "1"]
[SourceVersionDate "2021.10.06"]
[SourceQuality "1"]
[WhiteTeam "Turku TS"]
[BlackTeam "Helsinki HSK"]
[WhiteTeamCountry "FIN"]
[BlackTeamCountry "FIN"]

1. d4 d6 2. e4 g6 3. c4 Bg7 4. Nc3 e5 5. d5 Na6 6. g4 Bh6 7. Bxh6 Nxh6 8. h3 f6 9. Nge2 f5 10. gxf5 gxf5 11. exf5 Nxf5 12. Qd2 Qh4 13. Rg1 Bd7 14. Rg4 Qh6 15. f4 Nd4 16. Rg3 Qh4 17. 0-0-0 Nc5 18. Qe1 Nxe2+ 19. Nxe2 0-0-0 20. Ra3 Qxe1 21. Rxe1 Rde8 22. Re3 Rhf8 23. fxe5 Rxe5 24. Ng3 Rxf1 25. Nxf1 Nd3+ 26. Kd1 Nxe1 27. Rxe5 dxe5 28. Kxe1 Bxh3 29. Nh2 Kd7 30. Nf3 Kd6 31. b4 h6 32. Nh4 b5 33. cxb5 Kxd5 34. Kd2 Kc4 35. a3 Kxb5 36. Nf3 e4 37. Nd4+ Ka4 38. Kc3 a6 39. Nc2 Bf1 40. Ne3 Bd3 41. Kb2 a5 42. Kc3 axb4+ 43. axb4 h5 44. Nf5 Kb5 45. Nd4+ Kb6 46. Nf5 Kb5 47. Nd4+ Ka4 48. Nf5 Be2 49. Nh4 Bg4 50. Ng2 Be6 51. Nf4 Bf7 52. Ng2 Kb5 53. Nh4 Ka4 54. Nf5 Ka3 55. Nh4 e3 56. Kd3 Kxb4 57. Kxe3 c5 58. Nf3 Kc3 59. Ng5 Bg6 60. Ne6 c4 61. Nf4 Bf7 62. Ne2+ Kb2 63. Kd4 h4 64. Nf4 0-1

[Event "FIN-chT 0607"]
[Site "Finland"]
[Date "2006.10.21"]
[Round "3.4"]
[White "Niemela, Antti"]
[Black "Paakkonen, Timo"]
[Result "0-1"]
[WhiteElo "2263"]
[BlackElo "2251"]
[PlyCount "68"]
[EventDate "2006.09.14"]
[EventType "team-tourn"]
[EventRounds "9"]
[EventCountry "FIN"]
[SourceTitle "EXT 2022"]
[Source "ChessBase"]
[SourceDate "2021.10.06"]
[SourceVersion "1"]
[SourceVersionDate "2021.10.06"]
[SourceQuality "1"]
[WhiteTeam "Helsinki HSK"]
[BlackTeam "Helsinki Velhot"]
[WhiteTeamCountry "FIN"]
[BlackTeamCountry "FIN"]

1. d4 Nc6 2. Nf3 d5 3. Bf4 Bg4 4. e3 e6 5. c4 dxc4 6. Bxc4 Bd6 7. Bxd6 Qxd6 8. 0-0 Nf6 9. Nbd2 0-0 10. h3 Bh5 11. Rc1 e5 12. d5 Ne7 13. e4 c6 14. dxc6 Nxc6 15. Qb3 Nd4 16. Nxd4 Qxd4 17. Nf3 Bxf3 18. gxf3 Qd2 19. Qe3 Rfd8 20. Bb3 Qd7 21. Kh2 Nh5 22. Rg1 Nf4 23. Rg4 Rac8 24. Rd1 Qb5 25. Rxd8+ Rxd8 26. Bd5 Qf1 27. Rxf4 exf4 28. Qxa7 h6 29. Qb6 Rd7 30. b4 Kh7 31. Qc5 b6 32. Qxb6 Re7 33. Qc5 Re5 34. Bc4 Qa1 0-1

[Event "FIN-chT 0506"]
[Site "Finland"]
[Date "2005.09.18"]
[Round "2.3"]
[White "Niemela, Antti"]
[Black "Lehtinen, Heikki"]
[Result "1/2-1/2"]
[WhiteElo "2249"]
[BlackElo "2402"]
[PlyCount "42"]
[EventDate "2005.09.10"]
[EventType "team-tourn"]
[EventRounds "9"]
[EventCountry "FIN"]
[SourceTitle "EXT 2022"]
[Source "ChessBase"]
[SourceDate "2021.10.06"]
[SourceVersion "1"]
[SourceVersionDate "2021.10.06"]
[SourceQuality "1"]
[WhiteTeam "Helsinki HSK"]
[BlackTeam "Tampere OpusCapita"]
[WhiteTeamCountry "FIN"]
[BlackTeamCountry "FIN"]

1. d4 d6 2. Nf3 g6 3. c4 Bg7 4. Nc3 e5 5. e4 Nc6 6. Be3 Bg4 7. d5 Bxf3 8. Qxf3 Nd4 9. Qd1 c6 10. Bd3 Nf6 11. 0-0 Nd7 12. dxc6 bxc6 13. b4 0-0 14. b5 Rc8 15. bxc6 Rxc6 16. Nd5 Nb6 17. Bxd4 exd4 18. Nxb6 Rxb6 19. Rb1 Qc7 20. Qc2 Rfb8 21. Rxb6 Qxb6 1/2-1/2

[Event "FIN-chT 0405"]
[Site "Finland"]
[Date "2005.01.15"]
[Round "6.3"]
[White "Hentunen, Asko"]
[Black "Niemela, Antti"]
[Result "1-0"]
[WhiteElo "2354"]
[BlackElo "2265"]
[PlyCount "63"]
[EventDate "2004.09.18"]
[EventType "team-tourn"]
[EventRounds "9"]
[EventCountry "FIN"]
[SourceTitle "EXT 2022"]
[Source "ChessBase"]
[SourceDate "2021.10.06"]
[SourceVersion "1"]
[SourceVersionDate "2021.10.06"]
[SourceQuality "1"]
[WhiteTeam "Espoo MatSK"]
[BlackTeam "Helsinki HSK"]
[WhiteTeamCountry "FIN"]
[BlackTeamCountry "FIN"]

1. c4 g6 2. g3 Bg7 3. Bg2 e5 4. Nc3 d6 5. Rb1 a5 6. a3 f5 7. b4 axb4 8. axb4 Nf6 9. d3 0-0 10. Qb3 h6 11. c5+ Kh8 12. cxd6 cxd6 13. Nf3 Qe7 14. b5 Nbd7 15. 0-0 Nc5 16. Qb4 e4 17. dxe4 Ncxe4 18. Nxe4 Nxe4 19. Bb2 Be6 20. Rfd1 Rad8 21. Nd4 Bf7 22. Rbc1 Rfe8 23. b6 d5 24. Qb3 Rc8 25. e3 Rxc1 26. Rxc1 Nd2 27. Qc3 Ne4 28. Qc7 Be5 29. Nxf5 gxf5 30. Bxe5+ Qxe5 31. Bxe4 fxe4 32. Qxf7 1-0

[Event "FIN-chT 0405"]
[Site "Finland"]
[Date "2004.11.14"]
[Round "5.3"]
[White "Niemela, Antti"]
[Black "Westerinen, Heikki MJ"]
[Result "0-1"]
[WhiteElo "2265"]
[BlackElo "2371"]
[PlyCount "68"]
[EventDate "2004.09.18"]
[EventType "team-tourn"]
[EventRounds "9"]
[EventCountry "FIN"]
[SourceTitle "EXT 2022"]
[Source "ChessBase"]
[SourceDate "2021.10.06"]
[SourceVersion "1"]
[SourceVersionDate "2021.10.06"]
[SourceQuality "1"]
[WhiteTeam "Helsinki HSK"]
[BlackTeam "Helsinki Gaia"]
[WhiteTeamCountry "FIN"]
[BlackTeamCountry "FIN"]

1. Nf3 d5 2. d4 c6 3. c4 Nf6 4. Nc3 dxc4 5. e4 b5 6. e5 Nd5 7. a4 e6 8. axb5 Nxc3 9. bxc3 cxb5 10. Ng5 Bb7 11. Qh5 g6 12. Qg4 Be7 13. Be2 Nd7 14. Rb1 Qa5 15. 0-0 Qxc3 16. Rxb5 Nb6 17. Qf4 0-0 18. Qh4 h5 19. Be3 Qc2 20. Bf3 Bxf3 21. gxf3 Qf5 22. Qe4 Nd5 23. f4 Bxg5 24. Qxf5 gxf5 25. fxg5 f4 26. Bc1 Rfb8 27. Rc5 c3 28. Kg2 Rb1 29. Ra5 Rb4 30. Rd1 c2 31. Rd2 Rc8 32. Ra1 Rb3 33. h4 Rc7 34. Kh2 Rb1 0-1

[Event "FIN-chT 0304"]
[Site "Finland"]
[Date "2004.03.14"]
[Round "9.5"]
[White "Satonen, Arto"]
[Black "Niemela, Antti"]
[Result "1/2-1/2"]
[WhiteElo "2236"]
[BlackElo "2268"]
[PlyCount "96"]
[EventDate "2003.09.06"]
[EventType "team-tourn"]
[EventRounds "9"]
[EventCountry "FIN"]
[SourceTitle "EXT 2022"]
[Source "ChessBase"]
[SourceDate "2021.10.06"]
[SourceVersion "1"]
[SourceVersionDate "2021.10.06"]
[SourceQuality "1"]
[WhiteTeam "Vammala SK"]
[BlackTeam "Helsinki HSK"]
[WhiteTeamCountry "FIN"]
[BlackTeamCountry "FIN"]

1. e4 c5 2. d4 cxd4 3. c3 Nf6 4. e5 Nd5 5. cxd4 Nc6 6. Nf3 d6 7. exd6 Qxd6 8. Nc3 Nxc3 9. bxc3 e6 10. Bd3 Be7 11. 0-0 h6 12. Qe2 Bd7 13. Rd1 0-0 14. Ne5 Qc7 15. Nxd7 Qxd7 16. Qh5 Qd5 17. Qg4 f5 18. Qe2 Rf6 19. Bc4 Qe4 20. Qxe4 fxe4 21. Bb3 Na5 22. Bc2 Rc8 23. Bxe4 Rxc3 24. Bb2 Rc4 25. Bd3 Rc6 26. d5 exd5 27. Bxf6 Bxf6 28. Rac1 Bc3 29. h4 Kf7 30. Bb5 Rc5 31. Rxc3 Rxc3 32. Rxd5 Ra3 33. Rd2 a6 34. Be2 Ke7 35. Bf3 b5 36. Bd5 Nc4 37. Rc2 Nb6 38. Be4 Na4 39. Rc7+ Kf6 40. f4 Nc3 41. Bf3 b4 42. g4 Rxa2 43. g5+ hxg5 44. fxg5+ Kg6 45. h5+ Kxg5 46. Rxg7+ Kh6 47. Rg6+ Kh7 48. Rb6 Ne2+ 1/2-1/2

[Event "FIN-chT 0304"]
[Site "Finland"]
[Date "2003.10.25"]
[Round "3.5"]
[White "Ristoja, Thomas W"]
[Black "Niemela, Antti"]
[Result "1/2-1/2"]
[WhiteElo "2219"]
[BlackElo "2268"]
[PlyCount "66"]
[EventDate "2003.09.06"]
[EventType "team-tourn"]
[EventRounds "9"]
[EventCountry "FIN"]
[SourceTitle "EXT 2022"]
[Source "ChessBase"]
[SourceDate "2021.10.06"]
[SourceVersion "1"]
[SourceVersionDate "2021.10.06"]
[SourceQuality "1"]
[WhiteTeam "Helsinki Gaia"]
[BlackTeam "Helsinki HSK"]
[WhiteTeamCountry "FIN"]
[BlackTeamCountry "FIN"]

1. d4 d5 2. Nf3 c6 3. e3 Nf6 4. Bd3 e6 5. 0-0 Bd6 6. b3 0-0 7. Bb2 Ne4 8. c4 Nd7 9. Nc3 f5 10. Ne2 Qf6 11. g3 Qh6 12. Ne5 Ndf6 13. Bxe4 fxe4 14. Kg2 Bxe5 15. dxe5 Ng4 16. h4 Rxf2+ 17. Rxf2 Nxe3+ 18. Kg1 Nxd1 19. Rxd1 Bd7 20. Rdf1 Qg6 21. Ba3 h5 22. Nf4 Qg4 23. Kg2 Be8 24. Nh3 Bg6 25. Rf8+ Rxf8 26. Rxf8+ Kh7 27. Ng5+ Kh6 28. Rh8+ Bh7 29. Rxh7+ Kg6 30. Bf8 Qe2+ 31. Kg1 Qe1+ 32. Kg2 Qe2+ 33. Kg1 Qe1+ 1/2-1/2